Catálogo

FUNDAMENTOS DE FILOSOFIA (Registro nro. 43131)

Detalles MARC
000 -LEADER
fixed length control field 00928nam a2200205 a 4500
001 - CONTROL NUMBER
control field 43131
005 - DATE AND TIME OF LATEST TRANSACTION
control field 20180714021541.0
008 - FIXED-LENGTH DATA ELEMENTS--GENERAL INFORMATION
fixed length control field 140415s2001 sp 000 0 spa d
020 ## - INTERNATIONAL STANDARD BOOK NUMBER
International Standard Book Number 8432132780
041 ## - LANGUAGE CODE
Language code of text/sound track or separate title spa
082 ## - DEWEY DECIMAL CLASSIFICATION NUMBER
Classification number 100
Item number MIL
100 1# - MAIN ENTRY--PERSONAL NAME
Personal name MILLAN PUELLES, ANTONIO
245 10 - TITLE STATEMENT
Title FUNDAMENTOS DE FILOSOFIA
250 ## - EDITION STATEMENT
Edition statement 1a ed.
260 ## - PUBLICATION, DISTRIBUTION, ETC.
Place of publication, distribution, etc. ESPAÑA :
Name of publisher, distributor, etc. RIALP,
Date of publication, distribution, etc. 2001
300 ## - PHYSICAL DESCRIPTION
Extent 670
Dimensions x 13.5 x 20.1
490 ## - SERIES STATEMENT
Series statement BIBLIOTECA DEL CINCUENTENARIO
520 ## - SUMMARY, ETC.
Summary, etc. ESTA OBRA ESTA DIRIGIDA A TODOD AQUEL QUE DESEE FUNDAMENTARSE EN LA FILOSOFIA.QUEDA DICHO CON ELLO QUE NO SE TRATA DE UNA SIMPLE INTRODUCCION A ESTA, SINO DE ALGO QUE NO SE REDUCE A LAS CUESTIONES PREVIAS, NI SE CONCENTRA CON VAGAS GENERALIDADES. ASPIRA PUES, PUES, EL LIBRO A OFRECER AL LECTOR UN MINIMO SISTEMA DE CONOCIMIENTOS FILOSOFICOS, EXPUESTOS CON LA CONCRESION A LOS INTERESES DE UNA FORMACION SUPERIOR
650 14 - SUBJECT ADDED ENTRY--TOPICAL TERM
Topical term or geographic name entry element FILOSOFIA
Existencias
Withdrawn status Lost status Source of classification or shelving scheme Damaged status Not for loan Collection code Home library Current library Shelving location Date acquired Source of acquisition Inventory number Total Checkouts Full call number Barcode Date last seen Date last checked out Price effective from Koha item type
    Dewey Decimal Classification     General Biblioteca Karol Wojtyla Biblioteca Karol Wojtyla Sala general 03/12/2013 Compra 151000000000000000060321 1 100 MIL 64949 05/01/2026 13/08/2019 03/12/2013 Libro